000 00223 a2200109 4500
020 _a9780060254407
041 _aspa
100 _aNumeroff, Laura
245 _aSi le das un panecillo a un Alce
942 _cBK
952 _71
999 _c19652
_d19652